000
00222 a2200097 4500
001
41969
100
_a
Case, R M
245
_a
The World Beneath the Wave
260
_a
_b
George Allen & Unwin Ltd
_c
090
_c
26029
_d
26029
942
_a
NUST-CAE
_c
M
_c
17813
999
_c
277042
_d
277042